000 00302nam a2200133Ia 4500
100 _aKruse/ Robert L.
942 _cBK
654 _adatastructures
245 _aDatastructures and program design in C
260 _bPrentice Hall
_c2002
082 _a5.73
_bKRU
300 _a671
546 _aENGLISH
999 _c25435
_d25435